000 00300nam a2200121Ia 4500
008 241002s9999 xx 000 0 und d
082 _a808.83 GIO
100 _aGiovanni, Baccaccio
245 4 _aThe Decameron of Giovanni Boccaccin
260 _aNew York:
_cN/A
600 _aLiterature
942 _cUC
999 _c18932
_d18932